00458nam a22001457a 4500003000500000038001800005082000800023100002500031245009300056264003700149300001200186650002500198700003200223856005700255NUST aNusrat Nadeem a200 aAkkas, Arisha Saeed  aBuilding Household Electricity Load Profile Using Machine Learning /cArisha Saeed Akkas aIslamabad :bSEECS, NUST,c2022. a79 p. ; aMS-Computer Science  aSupervisor: Dr. Fahad Javed uhttp://10.250.8.41:8080/xmlui/handle/123456789/29976